La participación de los asociados en las entidades de la economía social y solidaria : (Record no. 7130)

MARC details
000 -LEADER
fixed length control field 01352nam a22002657a 4500
005 - DATE AND TIME OF LATEST TRANSACTION
control field 20250307113517.0
008 - FIXED-LENGTH DATA ELEMENTS--GENERAL INFORMATION
fixed length control field 210309cr ||||| |||| 00| 0 spa d
020 ## - INTERNATIONAL STANDARD BOOK NUMBER
International Standard Book Number 978-987-702-345-9 (versión digital)
040 ## - CATALOGING SOURCE
Original cataloging agency AR-FvUNAJ
Modifying agency AR-FvUNAJ
Description conventions aacr2
110 1# - MAIN ENTRY--CORPORATE NAME
9 (RLIN) 13380
Corporate name or jurisdiction name as entry element Programa de Educación en Cooperativismo y Economía Social y Solidaria
Subordinate unit Proyecto Ministerio de Educación SPU-UNR 1150
245 13 - TITLE STATEMENT
Title La participación de los asociados en las entidades de la economía social y solidaria :
Remainder of title cooperativas de trabajo asociado, autogestión, carta del trabajador autogestionado. Investigación /
Statement of responsibility, etc Programa de Educación en Cooperativismo y Economía Social y Solidaria, Proyecto Ministerio de Educación SPU-UNR 1150
260 ## - PUBLICATION, DISTRIBUTION, ETC. (IMPRINT)
Place of publication, distribution, etc Rosario :
Name of publisher, distributor, etc UNR Editora,
Date of publication, distribution, etc 2019
300 ## - PHYSICAL DESCRIPTION
Extent 392 p.
Other physical details digital
650 #0 - SUBJECT ADDED ENTRY--TOPICAL TERM
Source of heading or term unescot
9 (RLIN) 606
Topical term or geographic name as entry element TRABAJO
650 #0 - SUBJECT ADDED ENTRY--TOPICAL TERM
Source of heading or term unescot
9 (RLIN) 970
Topical term or geographic name as entry element UNIVERSIDAD
650 #0 - SUBJECT ADDED ENTRY--TOPICAL TERM
9 (RLIN) 7673
Topical term or geographic name as entry element EMPRENDEDORISMO
650 #0 - SUBJECT ADDED ENTRY--TOPICAL TERM
9 (RLIN) 3325
Topical term or geographic name as entry element POLÍTICA DE DESARROLLO
700 1# - ADDED ENTRY--PERSONAL NAME
9 (RLIN) 13381
Personal name Schujman, Mario S.
Relator term coord.
700 1# - ADDED ENTRY--PERSONAL NAME
9 (RLIN) 13382
Personal name Iturraspe Oviedo,Francisco
Relator term coord.
700 1# - ADDED ENTRY--PERSONAL NAME
9 (RLIN) 13383
Personal name Fajardo García, Isabel
Relator term coord.
700 1# - ADDED ENTRY--PERSONAL NAME
9 (RLIN) 13384
Personal name Chaves Gaudio, Ronaldo
Relator term coord.
856 41 - ELECTRONIC LOCATION AND ACCESS
Uniform Resource Identifier <a href="https://rephip.unr.edu.ar/items/643429b0-e7f3-4378-9eaf-0568986e8379">https://rephip.unr.edu.ar/items/643429b0-e7f3-4378-9eaf-0568986e8379</a>
942 ## - ADDED ENTRY ELEMENTS (KOHA)
Source of classification or shelving scheme Dewey Decimal Classification
Item type Libro electrónico
980 ## - EQUIVALENCE OR CROSS-REFERENCE-SERIES STATEMENT--PERSONAL NAME/TITLE [LOCAL, CANADA]
Linkage 19226
Personal name Palazón Marcela
Field link and sequence number 2
Miscellaneous information Virginia Figueroa
Holdings
Withdrawn status Lost status Source of classification or shelving scheme Damaged status Not for loan Collection code Home library Current library Date acquired Date last seen Uniform Resource Identifier Price effective from Koha item type
    Dewey Decimal Classification   Acceso en línea Recursos en Línea Biblioteca Central Biblioteca Central 17/09/2021 17/09/2021 https://rephip.unr.edu.ar/items/643429b0-e7f3-4378-9eaf-0568986e8379 17/09/2021 Libro electrónico

Lunes a Viernes 8:30 a 19:00 hs. Cerrado por mudanza
Av.Calchaqui 6200 Florencio Varela (CP188) 2°piso Edificio Mosconi Aula 209-210
Mail: bibliotecacentralunaj@gmail.com  
Whatsapp(54 9)1122668024    ❔Pregunte a la bibliotecaria
© Universidad Nacional Arturo Jauretche | Secretaría Académica | Biblioteca Central UNAJ